| 000 | 00618nam a2200157 a 4500 | ||
|---|---|---|---|
| 008 | 120416s1995 ||||||||||||||||| || u | ||
| 020 | _a3540589317 | ||
| 050 | _aS 494.5.B563 Bio | ||
| 100 | _aBajaj, Y. P. S | ||
| 245 | 1 | 0 |
_aBiotechnology in agriculture and forestry 34 _cedited by Y. P. S. Bajaj |
| 246 | _aplant pratoplasts and generic engineering VI | ||
| 260 |
_aBerlin _bSpringer _c1995 |
||
| 350 | _a0.00 | ||
| 650 | _aBIOTECHNOLOGY--AGRICULTURE | ||
| 995 |
_D0.00 _FCBU-MAIN LIBRARY (Kitwe) _H1 _I37.95 _M1 _UAVAILABLE _ZMain Library Open Access Collection |
||
| 999 |
_c35947 _d35947 |
||